000 00763nam a2200253Ia 4500
003 OSt
005 20221005085723.0
006 a|||||r|||| 00| 0
007 ta
008 221004b |||||||| |||| 00| 0 eng d
020 _a9781593855642 (hbk)
_c2008
024 _a89722
037 _b11807, 22/02/2008, Overseas Press
_cTextual
040 _aCRL
_cCRL
_beng
041 _2eng
_aeng
082 _aS1:86, P8
100 _aEisen Andrew R. Ed.
_9614537
245 0 _aTreating childhood behavioral and emotional problems
260 _aNew York
_bGuilford USA
_c2008
300 _axvi,427p.
_ccm.
650 _aPSYCHOLOGY
942 _hS1:86, P8
_cTEXL
_2cc
999 _c994685
_d994685